Capacity building in land administration - a conceptual approach (Record no. 118052)

MARC details
000 -LEADER
fixed length control field 01328cam a2200265 4500
001 - CONTROL NUMBER
control field ABS68240
008 - FIXED-LENGTH DATA ELEMENTS--GENERAL INFORMATION
fixed length control field 040924n2004 000 0 eng u
035 ## - SYSTEM CONTROL NUMBER
System control number (Sirsi) u127518
100 ## - MAIN ENTRY--PERSONAL NAME
Personal name Enemark, S.
245 ## - TITLE STATEMENT
Title Capacity building in land administration - a conceptual approach
260 ## - PUBLICATION, DISTRIBUTION, ETC.
Date of publication, distribution, etc. 2004
490 ## - SERIES STATEMENT
Series statement Survey Review
Volume/sequential designation 37(294) October 2004, 639-650(12)
520 ## - SUMMARY, ETC.
Summary, etc. Capacity building is increasingly seen as a key component of land administration projects in developing countries undertaken by international development banks and individual national development agencies. Argues that capacity building measures should be addressed in the wider context of developing institutional infrastructures for implementing land policies in a sustainable way. Introduces a conceptual analytical framework that provides some guidance when dealing with capacity building for land administration in support of a broader land policy agenda. [Taken from journal abstract].
590 ## - LOCAL NOTE (RLIN)
Local note ABS
590 ## - LOCAL NOTE (RLIN)
Local note ABS
650 ## - SUBJECT ADDED ENTRY--TOPICAL TERM
Topical term or geographic name entry element SUSTAINABLE DEVELOPMENT
650 ## - SUBJECT ADDED ENTRY--TOPICAL TERM
Topical term or geographic name entry element DEVELOPING COUNTRIES
650 ## - SUBJECT ADDED ENTRY--TOPICAL TERM
Topical term or geographic name entry element LAND ADMINISTRATION
650 ## - SUBJECT ADDED ENTRY--TOPICAL TERM
Topical term or geographic name entry element CAPACITY ANALYSIS
650 ## - SUBJECT ADDED ENTRY--TOPICAL TERM
Topical term or geographic name entry element PROFESSIONAL SKILLS
650 ## - SUBJECT ADDED ENTRY--TOPICAL TERM
Topical term or geographic name entry element PROFESSIONAL EDUCATION AND TRAINING
690 ## - LOCAL SUBJECT ADDED ENTRY--TOPICAL TERM (OCLC, RLIN)
Topical term or geographic name as entry element ENVIRONMENT-MANAGEMENT
700 ## - ADDED ENTRY--PERSONAL NAME
Personal name Williamson, I.
942 ## - ADDED ENTRY ELEMENTS (KOHA)
Suppress in OPAC 0
Holdings
Withdrawn status Lost status Source of classification or shelving scheme Damaged status Not for loan Home library Current library Shelving location Date acquired Total Checkouts Full call number Barcode Date last seen Copy number Price effective from Koha item type
    Dewey Decimal Classification     London London Journal article 24/09/2004   ABS68240 127518-1001 06/08/2019 1 06/08/2019 Journal article